00373nam a2200109Ia 4500041001200000082001200012100004300024245008700067260006000154300000900214650004000223 aEnglish aRR.0296 aRastogi, KavitauUniversity of Lucknow 0aTalking trilingual dictionary of Raji :ban endangered language / cKavita Rastogi aNew Delhi :bIndian Council of Social Science Research, a27p. aSociology xDictionaries xPolyglot